000 00697nam a2200205Ia 4500
003 IN-BaIIA
008 211028s9999 xx s 000 0 eng d
020 _a978-2-7598-1729-0 (Online)
022 _a1633-4760 (Print)
022 _a1638-1963 (Online)
040 _cIIA Library
100 _aFraix-Burnet, D., ed.
_938250
245 0 _aStatistics for Astrophysics Methods and Applications of the Regression
_h[eBook]
260 _aFrance
_bEDP Sciences
_c2014
300 _a226p.
490 _aEAS Publications Series
700 _aValls-Gabaud, D.
_938251
856 _uhttps://www.eas-journal.org/articles/eas/abs/2014/02/contents/contents.html
_yClick Here to Access eBook
942 _cEB
999 _c20660
_d20660